| 000 | 00344pab a2200133 454500 | ||
|---|---|---|---|
| 008 | 180718b1986 xxu||||| |||| 00| 0 eng d | ||
| 245 |
_aIndia and the United States _bWhy Detente Won's happen |
||
| 260 | _c1986 | ||
| 300 | _a118-36 | ||
| 362 | _aOct. | ||
| 650 | _aIndia - Foreign Relations - U.S.A. | ||
| 773 | _aAsian Survey | ||
| 909 | _a10394 | ||
| 999 |
_c10394 _d10394 |
||